5 Closest Countries To Each Ocean - Statistics

General Stats
  • This quiz has been taken 105 times
  • The average score is 12 of 25
Answer Stats
Ocean Km Answer % Correct
Pacific 120 Bolivia
65%
Pacific 47 Laos
65%
Arctic 767 Denmark
63%
Pacific 33 Argentina
62%
Southern 551 Argentina
62%
Southern 408 Chile
58%
Arctic 693 United Kingdom
58%
Indian 169 Lesotho
55%
Indian 71 Eswatini
54%
Indian 66 Ethiopia
52%
Southern 2,331 Australia
51%
Southern 2,775 Uruguay
51%
Pacific 259 Belize
50%
Indian 224 Malawi
46%
Arctic 34 Finland
45%
Southern 2,109 New Zealand
45%
Atlantic 285 Andorra
40%
Arctic 693 Estonia
40%
Arctic 875 Latvia
39%
Atlantic 259 Luxembourg
38%
Atlantic 506 Mali
38%
Atlantic 198 El Salvador
37%
Pacific 22 Myanmar
32%
Indian 171 Zambia
29%
Atlantic 185 Algeria
20%
No matching quizzes found
Score Distribution
Percent of People with Each Score
Percentile by Number Answered
Your Score History
You have not taken this quiz